Tappeti d'Oriente /

Texto que reproduce hermosos textiles de las grandes civilizaciones de Oriente y lo que hoy se denomina Medio Oriente. Incluye un análisis histórico-crítico de los estilos y evolución del arte de los tapices en esas culturas.

Guardado en:
Bibliografiske detaljer
Hovedforfatter: Campana, Michele (autor)
Format: Bog
Sprog:italiensk
Udgivet: Milán, Italia : Fratelli Fabbri, 1966, c1966
Serier:(Elite ; 8)
Fag:
Tags: Tilføj Tag
Ingen Tags, Vær først til at tagge denne postø!

MARC

LEADER 00000nam^a2200000^a^4500
001 000268398
005 20250526000000.0
008 071018 19661966
009 20260310110851.57
025 |a Donación Juan Diego Castillo, 1 ejemplar 
037 |a Acervo ITESO - Biblioteca 
041 |a ITA 
082 |a 746. 79  |b CAM 
100 |a Campana, Michele  |e (autor) 
240 1 1 |a [Tapetes de Oriente] 
245 1 0 |a Tappeti d'Oriente /  |c M. Campana. 
264 4 |a Milán, Italia :  |b Fratelli Fabbri,  |c 1966, c1966 
300 |a 157 p. ;  |c 19.0 cm. 
440 1 |a (Elite ;  |v 8) 
520 |a Texto que reproduce hermosos textiles de las grandes civilizaciones de Oriente y lo que hoy se denomina Medio Oriente. Incluye un análisis histórico-crítico de los estilos y evolución del arte de los tapices en esas culturas. 
649 |a XX 
650 |a Alfombras y Tapices -  |z Medio Oriente -  |x Historia -  |x Tema Principal 
650 |a Alfombras y Tapices -  |z Oriente -  |x Historia -  |x Tema Principal 
650 |a Diseño Textil -  |z Medio Oriente -  |x Historia y Crítica 
650 |a Diseño Textil -  |z Oriente -  |x Historia y Crítica 
650 |a Objetos Decorativos -  |z Medio Oriente -  |x Historia 
650 |a Objetos Decorativos -  |z Oriente -  |x Historia 
650 |a Decoración y Ornamentación -  |z Medio Oriente -  |x Historia y Crítica 
650 |a Decoración y Ornamentación -  |z Oriente -  |x Historia y Crítica 
650 |a Arte Oriental -  |x Historia y Crítica 
650 |a Medio Oriente -  |x Historia 
650 |a Oriente -  |x Historia 
910 |a Fondo Castillo-Martínez 
920 |a Impresos - Libros 
930 |a Libros Antiguos y Raros 
905 |a 108 
901 |a 0500152597  |b IT2  |c LRA  |i D  |u 20250526 
902 |a https://opac.biblio.iteso.mx/vufind/Record/000268398